Three seasons of excavations at Khirbat Iskandar, 1997, 2000, 2004
| Main Author: | |
|---|---|
| Contributors: | |
| Format: | Print Article |
| Language: | English |
| Check availability: | HBZ Gateway |
| Interlibrary Loan: | Interlibrary Loan for the Fachinformationsdienste (Specialized Information Services in Germany) |
| Published: |
2005
|
| In: |
Annual of the Department of Antiquities of Jordan
Year: 2005, Volume: 49, Pages: 261-275 |
| IxTheo Classification: | HH Archaeology |
| Further subjects: | B
Archaeology
B Transjordan land Landscape B Khirbet Iskander |
MARC
| LEADER | 00000caa a22000002c 4500 | ||
|---|---|---|---|
| 001 | 1650426364 | ||
| 003 | DE-627 | ||
| 005 | 20190909143216.0 | ||
| 007 | tu | ||
| 008 | 190311s2005 xx ||||| 00| ||eng c | ||
| 035 | |a (DE-627)1650426364 | ||
| 035 | |a (DE-576)519494806 | ||
| 035 | |a (DE-599)BSZ519494806 | ||
| 040 | |a DE-627 |b ger |c DE-627 |e rakwb | ||
| 041 | |a eng | ||
| 084 | |a 1 |2 ssgn | ||
| 100 | 1 | |0 (DE-588)142325481 |0 (DE-627)635537761 |0 (DE-576)187522987 |4 aut |a Richard, Suzanne |d 1947- | |
| 109 | |a Richard, Suzanne 1947- | ||
| 245 | 1 | 0 | |a Three seasons of excavations at Khirbat Iskandar, 1997, 2000, 2004 |
| 264 | 1 | |c 2005 | |
| 336 | |a Text |b txt |2 rdacontent | ||
| 337 | |a ohne Hilfsmittel zu benutzen |b n |2 rdamedia | ||
| 338 | |a Band |b nc |2 rdacarrier | ||
| 650 | 0 | 7 | |0 (DE-588)4002827-6 |0 (DE-627)104459425 |0 (DE-576)208848878 |a Archäologie |2 gnd |
| 651 | 7 | |0 (DE-588)4075746-8 |0 (DE-627)104540729 |0 (DE-576)209199326 |a Ostjordanland |g Landschaft |2 gnd | |
| 651 | 7 | |0 (DE-588)7733650-1 |0 (DE-627)646114603 |0 (DE-576)337051097 |a Khirbet Iskander |2 gnd | |
| 652 | |a HH | ||
| 700 | 1 | |a Long, Jesse C. |4 oth | |
| 773 | 0 | 8 | |i In |a Jordanien. Dā'irat al-Āṯār al-ʿĀmma |t Annual of the Department of Antiquities of Jordan |d Amman : [Verlag nicht ermittelbar], 1971 |g 49(2005), Seite 261-275 |w (DE-627)182601021 |w (DE-600)1220285-X |w (DE-576)045295271 |x 0449-1564 |7 nnas |
| 773 | 1 | 8 | |g volume:49 |g year:2005 |g pages:261-275 |
| 935 | |a BIIN | ||
| 951 | |a AR | ||
| BIB | |a 1 | ||
| ELC | |b 1 | ||
| ITA | |a 1 |t 1 | ||
| LOK | |0 000 xxxxxcx a22 zn 4500 | ||
| LOK | |0 001 3336891302 | ||
| LOK | |0 003 DE-627 | ||
| LOK | |0 004 1650426364 | ||
| LOK | |0 005 20190311211804 | ||
| LOK | |0 008 190311||||||||||||||||ger||||||| | ||
| LOK | |0 035 |a (DE-Tue135-1)169006 | ||
| LOK | |0 040 |a DE-Tue135-1 |c DE-627 |d DE-Tue135-1 | ||
| LOK | |0 852 |a DE-Tue135-1 | ||
| LOK | |0 852 1 |c FTHAT097723/49/RDS |m p |9 00 | ||
| LOK | |0 852 2 |b Z 4/30 |9 00 | ||
| LOK | |0 935 |a iZSA | ||
| LOK | |0 936ln |0 1442044187 |a HH | ||
| LOK | |0 938 |k p | ||
| LOK | |0 939 |a 11-03-19 |b l12 | ||
| ORI | |a SA-MARC-ixtheoa001.raw | ||
| STA | 0 | 0 | |a Archaeology,Archaeology,Archeology |
| STB | 0 | 0 | |a Archéologie,Archéologie |
| STC | 0 | 0 | |a Arqueología,Arqueología |
| STD | 0 | 0 | |a Archeologia,Archeologia |
| STE | 0 | 0 | |a 考古学,考古学 |
| STF | 0 | 0 | |a 考古學,考古學 |
| STG | 0 | 0 | |a Arqueologia,Arqueologia |
| STH | 0 | 0 | |a Археология (мотив),Археология |
| STI | 0 | 0 | |a Αρχαιολογία (μοτίβο),Αρχαιολογία |
| SUB | |a BIB | ||
| SYE | 0 | 0 | |a Archaeology,Altertumskunde |
| SYF | 0 | 0 | |a Transjordanien , Khirbat Iskandar |